Statistics for Languages of the world with a map

Click here to take the quiz!

General Stats

  • This quiz has been taken 232 times
    (73 since last reset)
  • The average score is 187 of 196

Answers on the Map

Answers color-coded by a green-red scale on the quiz's map according to % correct below.
 

Answer Stats

Country% Correct
Afrikaans
100%
Arabic
100%
English
100%
Filipino
100%
French
100%
Hindi
100%
Kirundi
100%
Malay
100%
Maltese
100%
Sotho
100%
Swahili
100%
Swati
100%
Tuvaluan
100%
Urdu
100%
Arabic
98%
Comorian
98%
Dutch
98%
French
98%
German
98%
Portuguese
98%
Quechua
98%
Sango
98%
Spanish
98%
Belarusian
97%
Danish
97%
German
97%
Italian
97%
Kazakh
97%
Kyrgyz
97%
Polish
97%
Russian
97%
Ukrainian
97%
Albanian
95%
Arabic
95%
Finnish
95%
Greek
95%
Macedonian
95%
Mongolian
95%
Norwegian
95%
Swedish
95%
Bosnian
94%
Croatian
94%
Czech
94%
Hungarian
94%
Japanese
94%
Mandarin
94%
Serbian
94%
Slovak
94%
Turkish
94%
Estonian
92%
Icelandic
92%
Korean
92%
Malay
92%
Pashto
92%
Persian
92%
Romanian
92%
Slovene
92%
Thai
92%
Vietnamese
92%
Armenian
91%
Bulgarian
91%
Georgian
91%
Latvian
91%
Lithuanian
91%
Bengali
89%
Hebrew
89%
Indonesian
89%
Lao
89%
Nepali
88%
Khmer
86%
Azerbaijani
85%
Turkmen
85%
Uzbek
85%
Montenegrin
83%
Dzongkha
82%
Portuguese
82%
Tajik
82%
Burmese
80%
Afar
78%
Tamil
75%
Catalan
68%
Tigrinya
54%
Dhivehi
38%
Bambara
29%

Score Distribution

Percentile by Number Answered

Percent of People with Each Score

Your Score History

You have not taken this quiz since the last reset